000 00617cam a22002411 4500
001 ne 63001946
003 DLC
005 20260227111750.0
008 890620s1962 xx 000 0 ara
010 _ane 63001946
035 _a(OCoLC)23489716
040 _aDLC
_cMiU
_dDLC
042 _apremarc
043 _af-ua---
_afu-----
050 0 0 _aDT154.S9
_bI8
100 1 _aʻĪsá, Maḥmūd Khayrī,
_d1922-
245 1 0 _aQanātunā ʻādat ilaynā.
260 _c[1962?]
300 _a52 p.
_c20 cm.
500 _aRomanized.
651 0 _aSuez Canal (Egypt)
651 0 _aEgypt
_xHistory
_yIntervention, 1956
999 _c46274
_d46274